000 00246nam a2200097Ia 4500
001 1211974
005 20250827024446.0
008 250824s9999 xx 000 0 und d
245 0 _aHALİDE EDİB
_cİPEK ÇALIŞIRLAR
260 _bEVEREST YAYINLARI
999 _c1211974
_d1211974